| 000 | 00327nam a2200121Ia 4500 | ||
|---|---|---|---|
| 008 | 210430s9999 xx 000 0 und d | ||
| 082 | _a519 B945 N | ||
| 100 | _aBurden Faires | ||
| 245 |
_aNumerical Analysis 5th _cBurden Faires |
||
| 260 |
_aKent publishing company _bPrindle Weber _c2010 |
||
| 300 | _a768p | ||
| 942 |
_cBK _2ddc |
||
| 999 |
_c561804 _d561804 |
||